| 000 | 00975cam a2200253 4500 | ||
|---|---|---|---|
| 008 | 020722n2002 000 0 eng u | ||
| 020 | _a0750651490 | ||
| 035 | _a(Sirsi) u118959 | ||
| 041 | _aeng. | ||
| 050 | _a690.23 | ||
| 100 |
_aBest, R. _xEditor |
||
| 245 | _aDesign and construction: building in value | ||
| 260 |
_aOxford _bButterworth-Heinemann _c2002 |
||
| 300 |
_axii,504p. _c25cm. |
||
| 350 | _a35 | ||
| 520 | _aDeals with innovation in the design and construction phase of building procurement. Going beyond description of construction methods, the text looks at new directions, trends and potential advances in design and construction, and relates the entire process back to the key theme of achieving value for money from investing in buildings. | ||
| 650 | _aCONSTRUCTION COSTS | ||
| 650 | _aProcurement-old | ||
| 650 | _aDESIGN | ||
| 650 | _aVALUE FOR MONEY | ||
| 690 | _aBUILT ENVIRONMENT | ||
| 700 |
_ade Valence, G. _xEditor |
||
| 942 | _n0 | ||
| 999 |
_c102219 _d102219 |
||